| 000 | 00494nam a2200169 4500 | ||
|---|---|---|---|
| 999 |
_c121430 _d121430 |
||
| 005 | 20210220101638.0 | ||
| 008 | 210220b ||||| |||| 00| 0 eng d | ||
| 040 | _cPK-LaUMT | ||
| 082 |
_aKHC 306.4495491 _bABD-L |
||
| 100 | _aAbdullah, S. M. | ||
| 245 |
_aLanguage controversy in Indo-Pak sub-continent / _cby S. M. Abdullah |
||
| 260 |
_aLahore : _bWest Pakistan Urdu Academy, _c1997 |
||
| 300 | _a76 p. | ||
| 650 | _aLanguage policy | ||
| 650 | _aPunjabi and Urdu language | ||
| 942 | _cBK | ||